BIM, cost consultants and Digital Built Britain (Record no. 84816)
[ view plain ]
| 000 -LEADER | |
|---|---|
| fixed length control field | 00958cab a22002295a 4500 |
| 001 - CONTROL NUMBER | |
| control field | L159166 |
| 008 - FIXED-LENGTH DATA ELEMENTS--GENERAL INFORMATION | |
| fixed length control field | 120731s2016 xxka f 000 0 eng d |
| 035 ## - SYSTEM CONTROL NUMBER | |
| System control number | (Sirsi) u159166 |
| 041 0# - LANGUAGE CODE | |
| Language code of text/sound track or separate title | eng |
| 050 ## - LIBRARY OF CONGRESS CALL NUMBER | |
| Classification number | 692.0285 $2 18 |
| 100 1# - MAIN ENTRY--PERSONAL NAME | |
| Personal name | Leisk, Andrew |
| 245 00 - TITLE STATEMENT | |
| Title | BIM, cost consultants and Digital Built Britain |
| 260 ## - PUBLICATION, DISTRIBUTION, ETC. | |
| Date of publication, distribution, etc. | 2016 |
| 490 ## - SERIES STATEMENT | |
| Series statement | Civil Engineering Surveyor |
| Volume/sequential designation | February 2016, 25-27(3) |
| 520 ## - SUMMARY, ETC. | |
| Summary, etc. | Analyses the government's requirement for implementation of BIM level 3, now termed Digital Built Britain, and its initiative to create a full digital infrastructure environment for its public stakeholders. Looks at the benefits of using BIM for cost consultants and the obstacles they have to overcome before using the full potential of BIM for cost management. |
| 650 24 - SUBJECT ADDED ENTRY--TOPICAL TERM | |
| Topical term or geographic name entry element | DIGITAL BUILT BRITAIN |
| 650 24 - SUBJECT ADDED ENTRY--TOPICAL TERM | |
| Topical term or geographic name entry element | COST MANAGEMENT |
| 9 (RLIN) | 6233 |
| 651 #4 - SUBJECT ADDED ENTRY--GEOGRAPHIC NAME | |
| Geographic name | United Kingdom |
| Chronological subdivision | |
| 690 ## - LOCAL SUBJECT ADDED ENTRY--TOPICAL TERM (OCLC, RLIN) | |
| Topical term or geographic name as entry element | BIM |
| 9 (RLIN) | 6219 |
| 690 ## - LOCAL SUBJECT ADDED ENTRY--TOPICAL TERM (OCLC, RLIN) | |
| Topical term or geographic name as entry element | Contracts |
| 9 (RLIN) | 6232 |
| 942 ## - ADDED ENTRY ELEMENTS (KOHA) | |
| Suppress in OPAC | 0 |
| Withdrawn status | Lost status | Source of classification or shelving scheme | Damaged status | Not for loan | Home library | Current library | Shelving location | Date acquired | Total Checkouts | Full call number | Barcode | Date last seen | Copy number | Price effective from | Koha item type |
|---|---|---|---|---|---|---|---|---|---|---|---|---|---|---|---|
| Dewey Decimal Classification | London | London | Journal article | 17/02/2016 | L159166 | 159166-1001 | 06/08/2019 | 1 | 06/08/2019 | Journal article |